Les mots d'origine étrangères - Statistiques

Statistiques générales
  • Ce quiz a été pris 19 fois
  • Le résultat moyen est 20 sur 125
Statistiques - réponses
Mots Langues % Correct
Alcool Arabe
50%
Goulag Russe
50%
Abricot Arabe
44%
Handball Allemand
39%
Amiral Arabe
39%
Azur Arabe
39%
Kaolin Chinois
33%
Abbé Hébreu
33%
Beffroi Allemand
28%
Bar Anglais
28%
Girafe Arabe
28%
Bossa Nova Portugais
28%
Acajou Amérindienne
22%
Cacao Amérindienne
22%
Gag Anglais
22%
Humour Anglais
22%
Arsenal Arabe
22%
Baldaquin Arabe
22%
Caramel Arabe
22%
Douane Arabe
22%
Epinard Arabe
22%
Magasin Arabe
22%
Sucre Arabe
22%
Futon Japonais
22%
Cosaque Russe
22%
Knout Russe
22%
Steppe Russe
22%
Accordéon Allemand
17%
Hussard Allemand
17%
Képi Allemand
17%
Ananas Amérindienne
17%
Chocolat Amérindienne
17%
Hamac Amérindienne
17%
Bougie Arabe
17%
Camelot Arabe
17%
Orange Arabe
17%
Sirop Arabe
17%
Plouc Breton
17%
Thé Chinois
17%
Kaki Japonais
17%
Autodafé Portugais
17%
Bambou Portugais
17%
Mandarin Portugais
17%
Zèbre Portugais
17%
Mammouth Russe
17%
Haler Scandinave
17%
Homard Scandinave
17%
Hublot Scandinave
17%
Iceberg Scandinave
17%
Narval Scandinave
17%
Ski Scandinave
17%
Arquebuse Allemand
11%
Asticoter Allemand
11%
Auroch Allemand
11%
Bivouac Allemand
11%
Bock Allemand
11%
Boulevard Allemand
11%
Bouquetin Allemand
11%
Calèche Allemand
11%
Chic Allemand
11%
Cible Allemand
11%
Cravache Allemand
11%
Foudre Allemand
11%
Leucémie Allemand
11%
Nouille Allemand
11%
Obus Allemand
11%
Quenelle Allemand
11%
Sabre Allemand
11%
Trinquer Allemand
11%
Avocat Amérindienne
11%
Cannibale Amérindienne
11%
Haricot Amérindienne
11%
Mocassin Amérindienne
11%
Pirogue Amérindienne
11%
Savane Amérindienne
11%
Budget Anglais
11%
Chèque Anglais
11%
Déodorant Anglais
11%
Fioul Anglais
11%
Firme Anglais
11%
Magazine Anglais
11%
Paquebot Anglais
11%
Rail Anglais
11%
Slip Anglais
11%
Sport Anglais
11%
Tank Anglais
11%
Calibre Arabe
11%
Chiffre Arabe
11%
Jaquette Arabe
11%
Bijou Breton
11%
Cohue Breton
11%
Satin Chinois
11%
Typhon Chinois
11%
Benjamin Hébreu
11%
Canne Hébreu
11%
Carmel Hébreu
11%
Chameau Hébreu
11%
Cidre Hébreu
11%
Echalote Hébreu
11%
Pâquerette Hébreu
11%
Saphir Hébreu
11%
Bonze Japonais
11%
Mousmé Japonais
11%
Soja Japonais
11%
Banane Portugais
11%
Cachalot Portugais
11%
Caravelle Portugais
11%
Marmelade Portugais
11%
Pintade Portugais
11%
Icône Russe
11%
Mazout Russe
11%
Morse Russe
11%
Tzigane Russe
11%
Agrès Scandinave
11%
Bâbord Scandinave
11%
Cingler Scandinave
11%
Crabe Scandinave
11%
Crique Scandinave
11%
Etrave Scandinave
11%
Flotte Scandinave
11%
Nantir Scandinave
11%
Sombrer Scandinave
11%
Tanguer Scandinave
11%
Tribord Scandinave
11%
Vague Scandinave
11%
Aucun quiz correspondant
Distribution des résultats
% des personnes avec chaque résultat
Percentile par nombre de réponses
Votre historique - résultats
Vous n’avez pas pris ce quiz